000 01221cam a22003617a 4500
003 CHAP
005 20220329142547.0
008 011031d1978 mx ad r 00110 spa d
010 _a84924
011 _a85896
020 _a9682302986
035 _a96434
040 _cCHAP
082 0 4 _a335.4
_bP4
100 0 0 _aPeña, Sergio de la.
_986869
245 1 3 _aEl modo de producción capitalista :
_bteoría y método de investigación
_c/por Sergio de la Peña
260 _aMéxico, D.F. :
_bSiglo Veintiuno,
_c1978
300 _a246 p. :
_bilus. ; cuadros ; diags.
490 0 _aSociología y política
590 _aBATCH-UPD
_b10
_c20130109
_lUCH01
_h2343
590 _aBATCH-UPD
_b10
_c20130110
_lUCH01
_h0656
590 _aBATCH-UPD
_b10
_c20130409
_lUCH01
_h1913
590 _aBATCH-UPD
_b10
_c20130410
_lUCH01
_h0341
590 _aBATCH-UPD
_b10
_c20130914
_lUCH01
_h0844
590 _aCONVERSION
_b10
_c20130109
_lUCH01
_h1347
650 1 4 _aCapitalismo.
_918711
650 1 4 _aModo de producción.
_976441
830 0 _aSociología y política
_9108249
901 _aBK
905 _aMarco A. Mendoza T.
942 _cLIBRO
949 _a335.4 P4
_bBC
_cLIBRO
_d33724000857678
_eLIBRO
_gDonaciØn conasupo
_h102003
_i96434
_si
999 _c84924
_d84924